AH International Schools' Libraries

Dylan's amazing dinosaurs: (Record no. 48374)

MARC details
000 -LEADER
fixed length control field 00325nam a2200109 4500
020 ## - INTERNATIONAL STANDARD BOOK NUMBER
International Standard Book Number 9781438006444
100 ## - MAIN ENTRY--PERSONAL NAME
Personal name Harper, E.T.
9 (RLIN) 86027
245 ## - TITLE STATEMENT
Title Dylan's amazing dinosaurs:
Remainder of title the stegosaurus /
Statement of responsibility, etc E.T. Harper & Dan Taylor
260 ## - PUBLICATION, DISTRIBUTION, ETC. (IMPRINT)
Place of publication, distribution, etc Great Britain
Name of publisher, distributor, etc Barron's
Date of publication, distribution, etc 2015
300 ## - PHYSICAL DESCRIPTION
Extent unpaged.
Other physical details col. ill.
Dimensions 24 cm.
942 ## - ADDED ENTRY ELEMENTS (KOHA)
Source of classification or shelving scheme
Koha item type Book
Holdings
Withdrawn status Lost status Source of classification or shelving scheme Damaged status Not for loan Home library Current library Shelving location Date acquired Total Checkouts Full call number Barcode Checked out Date last seen Date checked out Price effective from Koha item type
          Asian Hope Early Years Library Asian Hope Early Years Library Easy Reading 02/10/2025 8 E HAR 206916 04/28/2026 04/28/2026 04/28/2026 02/10/2025 Book

For any Logos Library related questions please contact Miss Art at swongnarasuk@asianhope.org.

For any Asian Hope Library related questions please contact Miss Raza at graza@asianhope.org.

Powered by Koha